000 00625nam a2200217 a 4500
001 13701
003 BD-JhCC
005 20240314130559.0
008 240314b19672024bg |||| ||a| 001 0 eng d
020 _a 9789845062589
035 _a(BD-JhCC)13701
040 _aBD-JhCC
_dBD-JhCC
041 _aenglish
082 _a327.5
_bKHA 2024
100 _aKhan, Mohammad Ayub
245 _aFriends not Masters :
_bA Political Autobiography /
_cMohammad Ayub Khan.
260 _aDhaka:
_bUniversity Press Limited;
_c2024.
300 _aviii, 275 p. :
_c22 cm.
650 _aInternational Political Personality
942 _2ddc
_cBK
999 _c13701
_d13701